| 000 | 00557nam a22001697a 4500 | ||
|---|---|---|---|
| 003 | BD-DhUL | ||
| 005 | 20190916141324.0 | ||
| 008 | 190509s1958 pk ||||| |||| 00| 0 urd d | ||
| 040 |
_aBD-DhUL _cBD-DhUL |
||
| 082 |
_a954.2 _bABM |
||
| 100 | 3 | _aعبد الحلیم شرر | |
| 245 | 1 | 0 |
_aمشرقی تمدن کا اخری نمونہ یعنی گزشتہ لکھنو / _cعبد الحلیم شرر |
| 260 |
_aکراچی : _bورلڈ اردو سنٹر، _c۔۱۹۵۸ |
||
| 300 |
_aص۔ ۵۲۸ ؛ _c۱۸ سم۔ |
||
| 650 | 4 | _aIndia - History | |
| 942 |
_2ddc _cBK |
||
| 999 |
_c249797 _d249797 |
||